Business Communication: Building Critical Skills. (Record no. 1246)

MARC details
005 - DATE AND TIME OF LATEST TRANSACTION
control field 20250409133309.0
020 ## - INTERNATIONAL STANDARD BOOK NUMBER
International Standard Book Number 978-0-07-293210-2
082 ## - DEWEY DECIMAL CLASSIFICATION NUMBER
Classification number 651.7 LOC
100 ## - MAIN ENTRY--PERSONAL NAME
Author name LOCKER, K.O.
245 ## - TITLE STATEMENT
Title Business Communication: Building Critical Skills.
250 ## - EDITION STATEMENT
Edition statement 3rd Ed.
260 ## - PUBLICATION, DISTRIBUTION, ETC.
Place of publication, distribution, etc. New York,
Name of publisher, distributor, etc. Mcgraw- Hill Irwin,
Date of publication, distribution, etc. 2007.
300 ## - PHYSICAL DESCRIPTION
Extent xxvi,557p.: Ill.; figures & picture.
Other physical details Index.
Dimensions 27cm.
700 ## - ADDED ENTRY--PERSONAL NAME
Other authors/Editors KACZMAREK, S.K
856 ## - ELECTRONIC LOCATION AND ACCESS
Link text Access Online Book
Electronic name Business Communication
Path www.mhhe.com
942 ## - ADDED ENTRY ELEMENTS (KOHA)
Source of classification or shelving scheme Dewey Decimal Classification
Koha item type Books
Holdings
Date last seen Total checkouts Full call number Barcode Cost, replacement price Price effective from Koha item type Lost status Source of classification or shelving scheme Damaged status Not for loan Withdrawn status Home library Current library Shelving location Date acquired Cost, normal purchase price
04/09/2025   651.7 LOC 0000004877 75000.00 04/09/2025 Books   Dewey Decimal Classification       College of Business Education Main Library College of Business Education Main Library General Collection 07/30/2010 25000.00
04/09/2025   651.7 LOC 0000004878 75000.00 04/09/2025 Books   Dewey Decimal Classification       College of Business Education Main Library College of Business Education Main Library General Collection 07/30/2010 25000.00
04/09/2025   651.7 LOC 0000004879 75000.00 04/09/2025 Books   Dewey Decimal Classification       College of Business Education Main Library College of Business Education Main Library General Collection 07/30/2010 25000.00
04/09/2025   651.7 LOC 0000004880 75000.00 04/09/2025 Books   Dewey Decimal Classification       College of Business Education Main Library College of Business Education Main Library General Collection 07/30/2010 25000.00
04/09/2025   651.7 LOC 0000004881 75000.00 04/09/2025 Books   Dewey Decimal Classification       College of Business Education Main Library College of Business Education Main Library General Collection 07/30/2010 25000.00
04/09/2025   651.7 LOC 0000004882 75000.00 04/09/2025 Books   Dewey Decimal Classification       College of Business Education Main Library College of Business Education Main Library General Collection 07/30/2010 25000.00
04/09/2025   651.7 LOC 0000004883 75000.00 04/09/2025 Books   Dewey Decimal Classification       College of Business Education Main Library College of Business Education Main Library General Collection 07/30/2010 25000.00
06/04/2025   651.7 LOC 00000011024 75000.00 06/04/2025 Books   Dewey Decimal Classification       College of Business Education Main Library College of Business Education Main Library General Collection 07/30/2010 25000.00